[Event "BCF-chT3N 1819 (4NCL)"]
[Site "England"]
[Date "2019.05.06"]
[Round "11.56"]
[White "Moan, Francis E"]
[Black "Andrews, Norman G"]
[Result "0-1"]
[WhiteElo "1697"]
[BlackElo "1609"]
[PlyCount "136"]
[EventDate "2018.11.10"]
[EventType "team-swiss"]
[EventRounds "11"]
[EventCountry "ENG"]
[SourceTitle "EXT 2021"]
[Source "ChessBase"]
[SourceDate "2020.10.23"]
[SourceVersion "1"]
[SourceVersionDate "2020.10.23"]
[SourceQuality "1"]
[WhiteTeam "Bolton & Worsley"]
[BlackTeam "Jorvik"]
[WhiteTeamCountry "ENG"]
[BlackTeamCountry "ENG"]

1. d4 Nf6 2. c4 e6 3. Nf3 b6 4. g3 Bb7 5. Bg2 Be7 6. 0-0 0-0 7. Nc3 d5 8. Re1 Nbd7 9. a3 dxc4 10. e4 c5 11. d5 exd5 12. exd5 Re8 13. Bg5 Bf8 14. Qa4 h6 15. Rxe8 Qxe8 16. Re1 Qd8 17. Bf4 a6 18. Qxc4 b5 19. Qd3 c4 20. Qd2 Nc5 21. Ne5 Ncd7 22. Nc6 Qb6 23. Ne7+ Bxe7 24. Rxe7 Re8 25. Be3 Qd8 26. Rxe8+ Qxe8 27. h4 Ng4 28. Bd4 Ngf6 29. Qf4 Bc8 30. Bh3 Nh5 31. Qc7 Nhf6 32. Bxf6 gxf6 33. Bxd7 Bxd7 34. Kg2 Bc8 35. Qf4 Kg7 36. Ne4 f5 37. Nd6 Qd7 38. Qd4+ f6 39. Nxc8 Qxc8 40. Qb6 Kf7 41. Qc6 Qxc6 42. dxc6 Ke7 43. Kf3 a5 44. Ke3 Kd6 45. c7 Kxc7 46. Kd4 Kd6 47. h5 Kc6 48. f3 Kd6 49. g4 a4 50. gxf5 Kc6 51. Kc3 Kc5 52. f4 Kc6 53. Kb4 Kb6 54. Kc3 Kc5 55. Kd2 b4 56. Kc2 bxa3 57. bxa3 Kd4 58. Kd2 c3+ 59. Kc2 Kc4 60. Kb1 Kb3 61. Ka1 Kc2 62. Ka2 Kd1 63. Kb1 c2+ 64. Ka2 Kd2 65. Ka1 c1Q+ 66. Ka2 Qc4+ 67. Ka1 Kc3 68. Kb1 Qb3+ 0-1

[Event "BCF-ch 5-day op AM Week 2"]
[Site "Torquay"]
[Date "2013.08.07"]
[Round "3"]
[White "Burton, Ronnie"]
[Black "Moan, Francis E"]
[Result "1-0"]
[WhiteElo "1997"]
[BlackElo "1890"]
[PlyCount "85"]
[EventDate "2013.08.05"]
[EventType "swiss"]
[EventRounds "5"]
[EventCountry "ENG"]
[SourceTitle "EXT 2023"]
[Source "ChessBase"]
[SourceDate "2022.10.05"]
[SourceVersion "1"]
[SourceVersionDate "2022.10.05"]
[SourceQuality "1"]

1. d4 Nf6 2. Nf3 d5 3. e3 e6 4. Bd3 Be7 5. Nbd2 Nbd7 6. 0-0 0-0 7. b3 c5 8. Bb2 b6 9. Ne5 Nxe5 10. dxe5 Nd7 11. f4 f5 12. exf6 Nxf6 13. e4 Bb7 14. e5 Ne4 15. Nxe4 dxe4 16. Bc4 Bd5 17. Qe2 Qe8 18. f5 Bg5 19. Kh1 Rd8 20. Qg4 Bd2 21. f6 Qg6 22. Qe2 e3 23. Bd3 Qg5 24. Rf3 Bxf3 25. gxf3 g6 26. Rg1 Qh4 27. Rg3 Kf7 28. Kg2 Rg8 29. Rg4 Qe1 30. Qxe1 Bxe1 31. Re4 Bd2 32. f4 Rc8 33. a4 Rc7 34. Bc4 Rd8 35. Kf3 Rcd7 36. Ke2 Rd4 37. Bxd4 cxd4 38. f5 gxf5 39. Rh4 h6 40. Rxh6 Rg8 41. Rh7+ Kf8 42. Bxe6 Rg2+ 43. Kd3 1-0

[Event "BCF-ch Major op"]
[Site "Torquay"]
[Date "2013.08.03"]
[Round "6.100"]
[White "Moan, Francis E"]
[Black "Fryer, David William"]
[Result "1/2-1/2"]
[WhiteElo "1890"]
[BlackElo "2003"]
[PlyCount "76"]
[EventDate "2013.07.29"]
[EventType "swiss"]
[EventRounds "11"]
[EventCountry "ENG"]
[SourceTitle "EXT 2023"]
[Source "ChessBase"]
[SourceDate "2022.10.05"]
[SourceVersion "1"]
[SourceVersionDate "2022.10.05"]
[SourceQuality "1"]

1. d4 d6 2. c4 Nf6 3. Nc3 Nbd7 4. e4 e5 5. Nf3 Be7 6. Be2 c6 7. 0-0 0-0 8. Be3 a6 9. a4 a5 10. h3 exd4 11. Nxd4 Nc5 12. Qc2 Re8 13. f4 Bf8 14. Bf3 Qe7 15. Rae1 Nfxe4 16. Bf2 f5 17. g4 Qf7 18. Nxe4 fxe4 19. Bxe4 Nxe4 20. Rxe4 Rxe4 21. Qxe4 Qxc4 22. Qe8 Qf7 23. Qd8 Bxg4 24. Qxa8 Bxh3 25. Qxa5 c5 26. Qc3 Bxf1 27. Kxf1 cxd4 28. Qxd4 g6 29. b4 d5 30. b5 Bg7 31. Qb4 Qd7 32. a5 h5 33. a6 bxa6 34. bxa6 Qh3+ 35. Kg1 Qg4+ 36. Kf1 Qh3+ 37. Kg1 Qg4+ 38. Kf1 Qh3+ 1/2-1/2

[Event "BCF-chT3N 1213 (4NCL)"]
[Site "England"]
[Date "2013.02.24"]
[Round "6.89"]
[White "Cowan, Richard M"]
[Black "Moan, Francis E"]
[Result "0-1"]
[WhiteElo "1816"]
[BlackElo "1853"]
[PlyCount "94"]
[EventDate "2012.11.24"]
[EventType "team-swiss"]
[EventRounds "6"]
[EventCountry "ENG"]
[SourceTitle "EXT 2014"]
[Source "ChessBase"]
[SourceDate "2013.11.20"]
[SourceVersion "1"]
[SourceVersionDate "2013.11.20"]
[SourceQuality "1"]
[WhiteTeam "Jorvik"]
[BlackTeam "Manchester Manticores"]
[WhiteTeamCountry "ENG"]
[BlackTeamCountry "ENG"]

1. Nf3 d5 2. c4 c6 3. g3 Nd7 4. Bg2 e5 5. 0-0 Ngf6 6. b3 Bd6 7. Bb2 0-0 8. d3 Re8 9. cxd5 cxd5 10. Nc3 a6 11. Nd2 d4 12. Nce4 Nxe4 13. Nxe4 Qe7 14. Rc1 Bb4 15. Qc2 f5 16. Qc4+ Kh8 17. Ng5 g6 18. Rc2 h6 19. Nf3 Bd6 20. b4 Nb6 21. Qb3 Be6 22. Rc4 Nxc4 23. dxc4 Rac8 24. Nh4 Kh7 25. Qf3 Bxb4 26. Qxb7 Qxb7 27. Bxb7 Rxc4 28. Bxa6 Rc2 29. a3 Rxb2 30. axb4 Rxb4 31. Rc1 Re7 32. Nf3 Bd5 33. Ne1 e4 34. Kf1 Ra4 35. Bc8 Rea7 36. g4 f4 37. h4 Rc4 38. Rxc4 Bxc4 39. h5 Kg7 40. hxg6 Ra2 41. Bf5 Rxe2 42. Ng2 d3 43. Nxf4 d2 44. Nh5+ Kf8 45. g7+ Ke7 46. Nf4 d1Q+ 47. Kg2 Re1 0-1

[Event "London Classic op 4th"]
[Site "London"]
[Date "2012.12.08"]
[Round "8"]
[White "Moan, Francis E"]
[Black "Barasi, Paul Dl"]
[Result "0-1"]
[WhiteElo "1853"]
[BlackElo "1978"]
[PlyCount "76"]
[EventDate "2012.12.01"]
[EventType "swiss"]
[EventRounds "9"]
[EventCountry "ENG"]
[SourceTitle "EXT 2014"]
[Source "ChessBase"]
[SourceDate "2013.11.20"]
[SourceVersion "1"]
[SourceVersionDate "2013.11.20"]
[SourceQuality "1"]

1. d4 d5 2. Nf3 Nc6 3. Bf4 Bg4 4. Nbd2 e6 5. e3 Bd6 6. Be2 Bxf4 7. exf4 Qf6 8. g3 Bf5 9. c3 h6 10. Qb3 Rb8 11. Bb5 Nge7 12. Ne5 0-0 13. Nd7 Qg6 14. Nxf8 Rxf8 15. 0-0 Bc2 16. Qa3 a6 17. Be2 Nf5 18. Rac1 Nd6 19. b4 Bd3 20. Rfe1 Bxe2 21. Rxe2 Qd3 22. Rce1 Nxd4 23. Re3 Qxd2 24. cxd4 Qxd4 25. Qb3 c6 26. a4 g6 27. h4 h5 28. Qb1 Nf5 29. Rd3 Qb6 30. Kg2 Qd8 31. b5 axb5 32. axb5 c5 33. b6 d4 34. Re5 c4 35. Ra3 Qd6 36. Ra7 d3 37. Rxf5 exf5 38. Qb5 d2 0-1